Federalism : (Record no. 342675)

000 -LEADER
fixed length control field 01366cam a2200325 a 4500
001 - CONTROL NUMBER
control field 15405115
003 - CONTROL NUMBER IDENTIFIER
control field NUST
005 - DATE AND TIME OF LATEST TRANSACTION
control field 20180115150915.0
008 - FIXED-LENGTH DATA ELEMENTS--GENERAL INFORMATION
fixed length control field 080808s2008 onc b 001 0 eng
010 ## - LIBRARY OF CONGRESS CONTROL NUMBER
LC control number 2008276525
016 ## - NATIONAL BIBLIOGRAPHIC AGENCY CONTROL NUMBER
Record control number 20079055451
020 ## - INTERNATIONAL STANDARD BOOK NUMBER
International Standard Book Number 9780195429046
020 ## - INTERNATIONAL STANDARD BOOK NUMBER
International Standard Book Number 0195429044
035 ## - SYSTEM CONTROL NUMBER
System control number (OCoLC)ocn173248557
040 ## - CATALOGING SOURCE
Original cataloging agency NLC
Language of cataloging eng
Transcribing agency NLC
Modifying agency BTCTA
-- BAKER
-- VP@
-- DLC
042 ## - AUTHENTICATION CODE
Authentication code lccopycat
050 00 - LIBRARY OF CONGRESS CALL NUMBER
Classification number JC355
Item number .A63 2008
082 04 - DEWEY DECIMAL CLASSIFICATION NUMBER
Classification number 321.02
Author Mark AND
100 1# - MAIN ENTRY--PERSONAL NAME
Personal name Anderson, George,
Dates associated with a name 1945-
9 (RLIN) 8378
245 10 - TITLE STATEMENT
Title Federalism :
Remainder of title an introduction /
Statement of responsibility, etc. George Anderson.
260 ## - PUBLICATION, DISTRIBUTION, ETC.
Place of publication, distribution, etc. Toronto ;
-- New York :
Name of publisher, distributor, etc. Oxford University Press,
Date of publication, distribution, etc. 2008.
300 ## - PHYSICAL DESCRIPTION
Extent viii, 88 p. ;
Dimensions 18 cm.
504 ## - BIBLIOGRAPHY, ETC. NOTE
Bibliography, etc. note Includes bibliographical references (p. 84-85) and index.
650 #0 - SUBJECT ADDED ENTRY--TOPICAL TERM
Topical term or geographic name entry element Federal government.
9 (RLIN) 8379
856 42 - ELECTRONIC LOCATION AND ACCESS
Materials specified Publisher description
Uniform Resource Identifier <a href="http://www.loc.gov/catdir/enhancements/fy0907/2008276525-d.html">http://www.loc.gov/catdir/enhancements/fy0907/2008276525-d.html</a>
856 41 - ELECTRONIC LOCATION AND ACCESS
Materials specified Table of contents only
Uniform Resource Identifier <a href="http://www.loc.gov/catdir/enhancements/fy0907/2008276525-t.html">http://www.loc.gov/catdir/enhancements/fy0907/2008276525-t.html</a>
856 42 - ELECTRONIC LOCATION AND ACCESS
Materials specified Contributor biographical information
Uniform Resource Identifier <a href="http://www.loc.gov/catdir/enhancements/fy0917/2008276525-b.html">http://www.loc.gov/catdir/enhancements/fy0917/2008276525-b.html</a>
906 ## - LOCAL DATA ELEMENT F, LDF (RLIN)
a 7
b cbc
c copycat
d 3
e ncip
f 20
g y-gencatlg
942 ## - ADDED ENTRY ELEMENTS (KOHA)
Source of classification or shelving scheme
Koha item type Book
Holdings
Withdrawn status Lost status Source of classification or shelving scheme Damaged status Not for loan Permanent Location Current Location Shelving location Date acquired Total Checkouts Full call number Barcode Date last seen Date last checked out Copy number Price effective from Koha item type
          Central Library (CL) Central Library (CL) Book Cart 01/15/2018 1 321.02 AND CL3094 07/25/2022 05/19/2022 1 01/15/2018 Book
© 2023 Central Library, National University of Sciences and Technology. All Rights Reserved.